000 00319nam a2200109Ia 4500
008 201231s9999 xx 000 0 und d
100 _aFisher, William F. (Ed.)
245 0 _aToward Sustainable Development : Struggling Over India's Narmada River
260 _aNew Delhi
_bRawat Publications
300 _a481
942 _cBK
999 _c9418
_d9418